Clinical and genetic profile of patients enrolled in the Transthyretin Amyloidosis Outcomes Survey (THAOS): 14-year update

Transthyretin amyloidosis (ATTR amyloidosis) is a rare, life-threatening disease caused by the accumulation of variant or wild-type (ATTRwt amyloidosis) transthyretin amyloid fibrils in the heart, peripheral nerves, and other tissues and organs.

Saved in:
Bibliographic Details
Main Authors: Dispenzieri, Angela (Author) , Coelho, Teresa (Author) , Conceição, Isabel (Author) , Waddington-Cruz, Márcia (Author) , Wixner, Jonas (Author) , Kristen, Arnt (Author) , Rapezzi, Claudio (Author) , Planté-Bordeneuve, Violaine (Author) , Gonzalez-Moreno, Juan (Author) , Maurer, Mathew S. (Author) , Grogan, Martha (Author) , Chapman, Doug (Author) , Amass, Leslie (Author)
Format: Article (Journal)
Language:English
Published: 18 June 2022
In: Orphanet journal of rare diseases
Year: 2022, Volume: 17, Pages: 1-12
ISSN:1750-1172
DOI:10.1186/s13023-022-02359-w
Online Access:Verlag, lizenzpflichtig, Volltext: https://doi.org/10.1186/s13023-022-02359-w
Get full text
Author Notes:Angela Dispenzieri, Teresa Coelho, Isabel Conceição, Márcia Waddington-Cruz, Jonas Wixner, Arnt V. Kristen, Claudio Rapezzi, Violaine Planté-Bordeneuve, Juan Gonzalez-Moreno, Mathew S. Maurer, Martha Grogan, Doug Chapman and Leslie Amass on behalf of the THAOS investigators

MARC

LEADER 00000caa a2200000 c 4500
001 1815291613
003 DE-627
005 20230427000344.0
007 cr uuu---uuuuu
008 220829s2022 xx |||||o 00| ||eng c
024 7 |a 10.1186/s13023-022-02359-w  |2 doi 
035 |a (DE-627)1815291613 
035 |a (DE-599)KXP1815291613 
035 |a (OCoLC)1361697152 
040 |a DE-627  |b ger  |c DE-627  |e rda 
041 |a eng 
084 |a 33  |2 sdnb 
100 1 |a Dispenzieri, Angela  |e VerfasserIn  |0 (DE-588)1266474994  |0 (DE-627)1815292253  |4 aut 
245 1 0 |a Clinical and genetic profile of patients enrolled in the Transthyretin Amyloidosis Outcomes Survey (THAOS)  |b 14-year update  |c Angela Dispenzieri, Teresa Coelho, Isabel Conceição, Márcia Waddington-Cruz, Jonas Wixner, Arnt V. Kristen, Claudio Rapezzi, Violaine Planté-Bordeneuve, Juan Gonzalez-Moreno, Mathew S. Maurer, Martha Grogan, Doug Chapman and Leslie Amass on behalf of the THAOS investigators 
264 1 |c 18 June 2022 
300 |a 12 
336 |a Text  |b txt  |2 rdacontent 
337 |a Computermedien  |b c  |2 rdamedia 
338 |a Online-Ressource  |b cr  |2 rdacarrier 
500 |a Gesehen am 29.08.2022 
520 |a Transthyretin amyloidosis (ATTR amyloidosis) is a rare, life-threatening disease caused by the accumulation of variant or wild-type (ATTRwt amyloidosis) transthyretin amyloid fibrils in the heart, peripheral nerves, and other tissues and organs. 
650 4 |a Amyloidosis 
650 4 |a Cardiomyopathy 
650 4 |a Polyneuropathy 
650 4 |a Registry 
650 4 |a Transthyretin 
700 1 |a Coelho, Teresa  |e VerfasserIn  |4 aut 
700 1 |a Conceição, Isabel  |e VerfasserIn  |4 aut 
700 1 |a Waddington-Cruz, Márcia  |e VerfasserIn  |4 aut 
700 1 |a Wixner, Jonas  |e VerfasserIn  |4 aut 
700 1 |a Kristen, Arnt  |d 1974-  |e VerfasserIn  |0 (DE-588)123480965  |0 (DE-627)706314530  |0 (DE-576)293726876  |4 aut 
700 1 |a Rapezzi, Claudio  |e VerfasserIn  |4 aut 
700 1 |a Planté-Bordeneuve, Violaine  |e VerfasserIn  |4 aut 
700 1 |a Gonzalez-Moreno, Juan  |e VerfasserIn  |4 aut 
700 1 |a Maurer, Mathew S.  |e VerfasserIn  |4 aut 
700 1 |a Grogan, Martha  |e VerfasserIn  |4 aut 
700 1 |a Chapman, Doug  |e VerfasserIn  |4 aut 
700 1 |a Amass, Leslie  |e VerfasserIn  |4 aut 
773 0 8 |i Enthalten in  |t Orphanet journal of rare diseases  |d London : BioMed Central, 2006  |g 17(2022), Artikel-ID 236, Seite 1-12  |h Online-Ressource  |w (DE-627)50900637X  |w (DE-600)2225857-7  |w (DE-576)260614424  |x 1750-1172  |7 nnas  |a Clinical and genetic profile of patients enrolled in the Transthyretin Amyloidosis Outcomes Survey (THAOS) 14-year update 
773 1 8 |g volume:17  |g year:2022  |g elocationid:236  |g pages:1-12  |g extent:12  |a Clinical and genetic profile of patients enrolled in the Transthyretin Amyloidosis Outcomes Survey (THAOS) 14-year update 
856 4 0 |u https://doi.org/10.1186/s13023-022-02359-w  |x Verlag  |x Resolving-System  |z lizenzpflichtig  |3 Volltext 
951 |a AR 
992 |a 20220829 
993 |a Article 
994 |a 2022 
998 |g 123480965  |a Kristen, Arnt  |m 123480965:Kristen, Arnt  |d 910000  |d 910100  |d 50000  |e 910000PK123480965  |e 910100PK123480965  |e 50000PK123480965  |k 0/910000/  |k 1/910000/910100/  |k 0/50000/  |p 6 
999 |a KXP-PPN1815291613  |e 4183218624 
BIB |a Y 
SER |a journal 
JSO |a {"person":[{"family":"Dispenzieri","role":"aut","given":"Angela","display":"Dispenzieri, Angela"},{"display":"Coelho, Teresa","given":"Teresa","role":"aut","family":"Coelho"},{"family":"Conceição","role":"aut","given":"Isabel","display":"Conceição, Isabel"},{"family":"Waddington-Cruz","display":"Waddington-Cruz, Márcia","role":"aut","given":"Márcia"},{"family":"Wixner","role":"aut","given":"Jonas","display":"Wixner, Jonas"},{"family":"Kristen","given":"Arnt","role":"aut","display":"Kristen, Arnt"},{"family":"Rapezzi","role":"aut","given":"Claudio","display":"Rapezzi, Claudio"},{"display":"Planté-Bordeneuve, Violaine","role":"aut","given":"Violaine","family":"Planté-Bordeneuve"},{"display":"Gonzalez-Moreno, Juan","given":"Juan","role":"aut","family":"Gonzalez-Moreno"},{"display":"Maurer, Mathew S.","role":"aut","given":"Mathew S.","family":"Maurer"},{"display":"Grogan, Martha","given":"Martha","role":"aut","family":"Grogan"},{"display":"Chapman, Doug","role":"aut","given":"Doug","family":"Chapman"},{"given":"Leslie","role":"aut","display":"Amass, Leslie","family":"Amass"}],"recId":"1815291613","note":["Gesehen am 29.08.2022"],"id":{"doi":["10.1186/s13023-022-02359-w"],"eki":["1815291613"]},"title":[{"subtitle":"14-year update","title_sort":"Clinical and genetic profile of patients enrolled in the Transthyretin Amyloidosis Outcomes Survey (THAOS)","title":"Clinical and genetic profile of patients enrolled in the Transthyretin Amyloidosis Outcomes Survey (THAOS)"}],"type":{"media":"Online-Ressource","bibl":"article-journal"},"name":{"displayForm":["Angela Dispenzieri, Teresa Coelho, Isabel Conceição, Márcia Waddington-Cruz, Jonas Wixner, Arnt V. Kristen, Claudio Rapezzi, Violaine Planté-Bordeneuve, Juan Gonzalez-Moreno, Mathew S. Maurer, Martha Grogan, Doug Chapman and Leslie Amass on behalf of the THAOS investigators"]},"relHost":[{"title":[{"title_sort":"Orphanet journal of rare diseases","title":"Orphanet journal of rare diseases","subtitle":"OJRD"}],"id":{"zdb":["2225857-7"],"issn":["1750-1172"],"eki":["50900637X"]},"note":["Gesehen am 01.09.10"],"recId":"50900637X","language":["eng"],"physDesc":[{"extent":"Online-Ressource"}],"origin":[{"publisherPlace":"London","publisher":"BioMed Central","dateIssuedKey":"2006","dateIssuedDisp":"2006-"}],"pubHistory":["1.2006 -"],"type":{"media":"Online-Ressource","bibl":"periodical"},"disp":"Clinical and genetic profile of patients enrolled in the Transthyretin Amyloidosis Outcomes Survey (THAOS) 14-year updateOrphanet journal of rare diseases","part":{"extent":"12","pages":"1-12","text":"17(2022), Artikel-ID 236, Seite 1-12","volume":"17","year":"2022"}}],"language":["eng"],"origin":[{"dateIssuedKey":"2022","dateIssuedDisp":"18 June 2022"}],"physDesc":[{"extent":"12 S."}]} 
SRT |a DISPENZIERCLINICALAN1820